Ιστορία της αρχαίας ελληνικής γλώσσας
Αποθηκεύτηκε σε:
| Κύριος συγγραφέας: | |
|---|---|
| Συγγραφή απο Οργανισμό/Αρχή: | |
| Μορφή: | Βιβλίο |
| Γλώσσα: | Greek |
| Δημοσίευση: |
Θεσσαλονίκη :
Αριστοτέλειο Πανεπιστήμιο Θεσσαλονίκης, Ινστιτούτο Νεοελληνικών Σπουδών (Ίδρυμα Μανόλη Τριανταφυλλίδη),
2010.
|
| Έκδοση: | 2η έκδ. |
| Σειρά: | Αρχαιογνωσία και αρχαιογλωσσία στη μέση εκπαίδευση ;
v.1 |
| Θέματα: | |
| Ετικέτες: |
Προσθήκη ετικέτας
Δεν υπάρχουν, Καταχωρήστε ετικέτα πρώτοι!
|
MARC
| LEADER | 00000cam a2200000 i 4500 | ||
|---|---|---|---|
| 001 | 1/19355 | ||
| 008 | 120510s2005 gr | ||| |||| ||gre|| | ||
| 020 | |a 9789602311134 | ||
| 035 | |l 10112402 | ||
| 040 | |a GR-MY-UA |b gre |e aacr | ||
| 041 | 0 | |a gre | |
| 082 | 7 | |a 480.9 |2 (22) | |
| 100 | 1 | |a Χριστίδης, Αναστάσιος-Φοίβος. | |
| 245 | 1 | 0 | |a Ιστορία της αρχαίας ελληνικής γλώσσας / |c Α.-Φ. Χριστίδης ; συνεργάστηκε η Μαρία Θεοδωροπούλου. |
| 250 | |a 2η έκδ. | ||
| 260 | |a Θεσσαλονίκη : |b Αριστοτέλειο Πανεπιστήμιο Θεσσαλονίκης, Ινστιτούτο Νεοελληνικών Σπουδών (Ίδρυμα Μανόλη Τριανταφυλλίδη), |c 2010. | ||
| 300 | |a 251 σ. ; |c 24 εκ. | ||
| 490 | 1 | |a (Αρχαιογνωσία και αρχαιογλωσσία στη μέση εκπαίδευση ; |v vol.1) | |
| 504 | |a Περιλαμβάνει βιβλιογραφικές παραπομπές και ευρετήριο. | ||
| 650 | 0 | 0 | |a Greek language |x History. |
| 650 | 0 | 0 | |a Language and languages |x History. |
| 710 | 2 | |a Ινστιτούτο Νεοελληνικών Σπουδών |b Ίδρυμα Μανόλη Τριανταφυλλίδη. | |
| 830 | 0 | |a Αρχαιογνωσία και αρχαιογλωσσία στη μέση εκπαίδευση ; |v v.1 | |
| 852 | |a INST |b RHODES |e 20120510 |h 480.9 ΧΡΙ |p 005400034364 |q 005400034364 |t BK |y 0 | ||
| 901 | |a BIBL4-2012-2 | ||
| 909 | |a Ρ |b 170997 | ||
| 922 | |a 4ΕΛΗ | ||
| 970 | |z 2012/05/09 | ||